00586nam a2200181 a 4500008004100000020001800041050001500059100001800074245013000092260002400222300002000246350000900266500001900275650001000294650003500304650004200339700002300381100519s2010 ||||||||||||||||| || u a9781853396984 aTD 760 Gre aRedwood, Mark10aGreywater use in the Middle-East: technical, social, economic and policy issuescedited by Stephen Mcllwaine and Mark Redwood aOttawa:bIDRCc2010 axx, 178p.: ill. a0.00 aIncludes index aWATER aSEWAGE IRRIGATION--MIDDLE EAST aWASTE WATERS--IRRIGATION--MIDDLE EAST aMcllwaine, Stephen